DEVELOPMENT OF A CDMA2000 BASED NETWORK PLANNING SOFTWARE FOR WIRELESS LOCAL LOOP (Record no. 328034)
[ view plain ]
| 000 -LEADER | |
|---|---|
| fixed length control field | 00392 a2200133 4500 |
| 001 - CONTROL NUMBER | |
| control field | 92961 |
| 082 ## - DEWEY DECIMAL CLASSIFICATION NUMBER | |
| Classification number | PR 2401 |
| 090 ## - LOCALLY ASSIGNED LC-TYPE CALL NUMBER (OCLC); LOCAL CALL NUMBER (RLIN) | |
| -- | 44596 |
| -- | 44597 |
| 100 ## - MAIN ENTRY--PERSONAL NAME | |
| Personal name | Waqas Akbar, Muhammad Zahid(Advisor) |
| 245 ## - TITLE STATEMENT | |
| Title | DEVELOPMENT OF A CDMA2000 BASED NETWORK PLANNING SOFTWARE FOR WIRELESS LOCAL LOOP |
| Number of part/section of a work | 61 'B' EC |
| 260 ## - PUBLICATION, DISTRIBUTION, ETC. | |
| Place of publication, distribution, etc. | Islamabad |
| Name of publisher, distributor, etc. | NUST |
| Date of publication, distribution, etc. | 2005 |
| 300 ## - PHYSICAL DESCRIPTION | |
| Extent | viii, 92p. |
| 500 ## - GENERAL NOTE | |
| General note | BE PROJECT REPORT |
| 942 ## - ADDED ENTRY ELEMENTS (KOHA) | |
| Institution code [OBSOLETE] | CAE NUST |
| Call number prefix | PR 2401 |
| Withdrawn status | Lost status | Damaged status | Not for loan | Collection code | Permanent Location | Current Location | Date acquired | Total Checkouts | Full call number | Barcode | Date last seen | Price effective from | Koha item type |
|---|---|---|---|---|---|---|---|---|---|---|---|---|---|
| College of Aeronautical Engineering (CAE) | College of Aeronautical Engineering (CAE) | 04/03/2017 | PR 2401 | CAEPR-2401 | 04/05/2017 | 04/05/2017 | Book |
